| 000 | 00836nam a22002175i 4500 | ||
|---|---|---|---|
| 001 | 165835 | ||
| 003 | ES-MaACL | ||
| 005 | 20230906213220.0 | ||
| 008 | 990524s1880 sp |||| | spa d | ||
| 100 | 1 |
_aStuyck y Reig, Juan. _9132935 |
|
| 245 | 1 | 0 |
_aLegislación hipotecaria y del notariado de las provincias de Cuba y Puerto-Rico / _cpor Juan Stuyck y Reig. |
| 260 |
_aMadrid : _b[s.n.], _c1880 ( _fImp. de la Viuda e Hija de A. Peñuelas) |
||
| 300 |
_a2 v. : _bil. ; _c22 cm. |
||
| 650 | 4 |
_aHipotecas- _zCuba- _vLegislación. _9136232 |
|
| 650 | 4 |
_aHipotecas- _zPuerto Rico- _vLegislación. _9136233 |
|
| 650 | 4 |
_aNotariado- _zCuba. _9172547 |
|
| 650 | 4 |
_aNotariado- _zPuerto Rico. _9172548 |
|
| 700 | 1 |
_aPeñuelas, Antonio, Viuda e Hijas de. _9131106 |
|
| 752 |
_aEspaña - _dMadrid |
||
| 852 |
_aES-MaACL _jC-2843-44 _z- Enc. hol. |
||
| 999 |
_c165835 _d165835 |
||